| 000 | 00425nam a2200157 i 4500 | ||
|---|---|---|---|
| 001 | 66166 | ||
| 003 | ES-MaACL | ||
| 005 | 20230906165546.0 | ||
| 007 | t| | ||
| 008 | 040128s1967 xxk ||||1| eng d | ||
| 100 | 1 |
_aGage, William L. _953221 |
|
| 245 | 1 | 0 |
_aValue analysis / _cW.L. Gage. |
| 260 |
_aLondon : _bMcGraw-Hill, _c[1967] |
||
| 300 |
_aXI, 185 p., 1 lám. : _bil. ; _c22 cm. |
||
| 852 |
_aES-MaACL _jC-56282 _bR.89084 |
||
| 999 |
_c66166 _d66166 |
||